Three Decades of Vegetable Research in Kerala Agricultural University (Record no. 304668)

MARC details
000 -LEADER
fixed length control field 00457nam a2200169Ia 4500
008 - FIXED-LENGTH DATA ELEMENTS--GENERAL INFORMATION
fixed length control field 141004s9999 xx 000 0 und d
040 ## - CATALOGING SOURCE
Transcribing agency a
041 ## - LANGUAGE CODE
Language code of text/sound track or separate title English
082 ## - DEWEY DECIMAL CLASSIFICATION NUMBER
Classification number 635
082 ## - DEWEY DECIMAL CLASSIFICATION NUMBER
Item number TH
100 ## - MAIN ENTRY--PERSONAL NAME
Personal name T.R GopalaKrishnan
245 ## - TITLE STATEMENT
Title Three Decades of Vegetable Research in Kerala Agricultural University
245 ## - TITLE STATEMENT
Statement of responsibility, etc. T.R GopalaKrishnan
260 ## - PUBLICATION, DISTRIBUTION, ETC. (IMPRINT)
Name of publisher, distributor, etc. Kerala Agricultural University
501 ## - WITH NOTE
With note KAUCOF
942 ## - ADDED ENTRY ELEMENTS (KOHA)
Koha item type Books (General)
Holdings
Withdrawn status Lost status Damaged status Not for loan Home library Current library Shelving location Total Checkouts Full call number Barcode Date last seen Price effective from Koha item type
        College of Forestry, Vellanikkara College of Forestry, Vellanikkara     635 TH KAU_COF-3874 04/10/2014 04/10/2014 Books (General)
Kerala Agricultural University Central Library
Thrissur-(Dt.), Kerala Pin:- 680656, India
Ph : (+91)(487) 2372219
E-mail: librarian@kau.in
Website: http://library.kau.in/